[Event "Dortmund Sparkassen op-B 44th"]
[Site "Dortmund"]
[Date "2016.07.15"]
[Round "7"]
[White "Meinschien, Finn"]
[Black "Sonntag, Hans Joachim"]
[Result "0-1"]
[WhiteElo "1548"]
[BlackElo "1763"]
[PlyCount "134"]
[EventDate "2016.07.09"]
[EventType "swiss"]
[EventRounds "9"]
[EventCountry "GER"]
[SourceTitle "CBM 173 Extra"]
[Source "ChessBase"]
[SourceDate "2016.08.29"]
[SourceVersion "1"]
[SourceVersionDate "2016.08.29"]
[SourceQuality "1"]

1. e4 c5 2. Nf3 d6 3. d4 cxd4 4. Nxd4 Nf6 5. Nc3 g6 6. Be3 a6 7. f3 Nc6 8. Qd2 Bg7 9. 0-0-0 Qc7 10. Be2 0-0 11. g4 b5 12. h4 Ne5 13. h5 Nc4 14. Bxc4 Qxc4 15. Bh6 b4 16. Nb1 e5 17. Nb3 Bb7 18. hxg6 fxg6 19. Bxg7 Kxg7 20. Qh6+ Kh8 21. Rxd6 Rac8 22. Na1 Qc7 23. Rd2 a5 24. Rdh2 Qf7 25. Qg5 Rfe8 26. Rh6 Kg7 27. R6h2 a4 28. b3 Re7 29. Rd1 Qe6 30. Qh6+ Kg8 31. Qg5 Rd7 32. Rxd7 Nxd7 33. Qe3 Nc5 34. Rd2 Qa6 35. Kd1 Qf1+ 36. Qe1 Qxf3+ 37. Qe2 Bxe4 38. Qxf3 Bxf3+ 39. Ke1 Bxg4 40. bxa4 Kf7 41. a5 Ke6 42. Nb3 Ne4 43. Rh2 h5 44. N1d2 Ng5 45. a6 Rxc2 46. Rf2 Bf5 47. Nf3 Nxf3+ 48. Rxf3 Kd5 49. Rf2 Rxf2 50. Kxf2 Bc8 51. a7 Bb7 52. Kg3 g5 53. Kf3 Ba8 54. Nd2 Kd4+ 55. Ke2 g4 56. Kf2 h4 57. Kg1 e4 58. Nf1 e3 59. a3 b3 60. a4 b2 61. a5 e2 62. a6 exf1Q+ 63. Kxf1 b1Q+ 64. Kf2 Qc2+ 65. Ke1 Bf3 66. Kf1 Qe2+ 67. Kg1 Qg2# 0-1

[Event "Dortmund Sparkassen op-B 44th"]
[Site "Dortmund"]
[Date "2016.07.13"]
[Round "5"]
[White "Sonntag, Hans Joachim"]
[Black "Garbuz, Nicole"]
[Result "1-0"]
[WhiteElo "1763"]
[BlackElo "1498"]
[PlyCount "71"]
[EventDate "2016.07.09"]
[EventType "swiss"]
[EventRounds "9"]
[EventCountry "GER"]
[SourceTitle "CBM 173 Extra"]
[Source "ChessBase"]
[SourceDate "2016.08.29"]
[SourceVersion "1"]
[SourceVersionDate "2016.08.29"]
[SourceQuality "1"]

1. e4 e5 2. Nf3 Nc6 3. Bc4 Nf6 4. Ng5 d5 5. exd5 Na5 6. Bb5+ c6 7. dxc6 bxc6 8. Ba4 h6 9. Nf3 e4 10. Qe2 Be7 11. Ne5 Qd5 12. f4 exf3 13. Nxf3 Be6 14. Nc3 Qh5 15. Qe5 0-0 16. Qxh5 Nxh5 17. a3 c5 18. d3 Nf6 19. 0-0 Nd7 20. Bf4 Nb6 21. Rae1 Nxa4 22. Nxa4 Rfe8 23. Ne5 Rac8 24. Nc3 a6 25. Ne4 Nc6 26. Nc4 Bxc4 27. dxc4 Red8 28. Rd1 Rd4 29. Rxd4 Nxd4 30. Rf2 Re8 31. g3 f5 32. Nc3 Bf8 33. Kf1 g5 34. Bc1 Kh7 35. Nd5 Re6 36. Be3 1-0